Faktoring ako krátkodobá forma financovania podnikov na Slovensku a v zahraničí diplomová práca

Guardado en:
Detalles Bibliográficos
Autor principal: Staňková, Svetlana
Autor Corporativo: Národohospodárska fakulta EU. Katedra financií
Otros Autores: Lauko, Marcel
Formato: Libro
Lenguaje:eslovaco
Publicado: Bratislava 2009
Etiquetas: Agregar Etiqueta
Sin Etiquetas, Sea el primero en etiquetar este registro!

MARC

LEADER 00000nam$a2200000$$$4500
001 0096839
005 20240318141257.2
041 0 |a slo 
044 |a SK 
245 1 0 |a Faktoring ako krátkodobá forma financovania podnikov na Slovensku a v zahraničí  |b diplomová práca  |c Svetlana Staňková ; škol. Marcel Lauko 
264 1 |a Bratislava  |c 2009 
300 |a 83 s. 
100 1 |a Staňková, Svetlana 
700 1 |a Lauko, Marcel 
710 2 |a Národohospodárska fakulta EU. Katedra financií